000 00921nam a2200265 i 4500
001 000016842
003 DO-SdBNP
005 20250318114014.0
007 ta
008 100310s1982 dr a r 000 0 spa d
040 _aDO-SdBNP
_bspa
_cBNPHU
_erda
082 4 _a516.22
_bA162f
_222
100 1 _aAbreu Abreu, Francisco
_eautor
_4aut.
_937293
245 1 0 _aFundamentos de geometría plana /
_cFrancisco Abreu Abreu.
264 1 _aSanto Domingo, República Dominicana :
_bEditora Colegial Quisqueyana,
_c1982.
300 _a280 páginas :
_bilustraciones ;
_c23 cm.
336 _atexto
_btxt
_2rdacontent
337 _asin mediación
_bn
_2rdamedia
338 _avolumen
_bnc
_2rdacarrier
590 _aInventariado, 2018/BT
650 7 _aGeometría plana
_2LEMB
_987227
650 7 _aGeometría plana
_xProblemas, ejercicios etc.
_937294
_2LEMB
910 _aValidado. Control de calidad. MMOLINA
942 _2ddc
_cLBS1
999 _c16374
_d16374